| 000 | 00771nam a2200205Ia 4500 | ||
|---|---|---|---|
| 005 | 20260121110255.0 | ||
| 008 | 008 260114s9999 xx 000 0 hin d | ||
| 020 | _a9788132352136 | ||
| 037 | _aEBOOK | ||
| 040 |
_aCRL _bhin _cCRL |
||
| 041 |
_ahin _2hin |
||
| 084 | _qCRL | ||
| 100 |
_aमंजू श्रीवास्तव / Manju Srivastava _9944173 |
||
| 245 | 0 | _aवृद्ध एवं विकलांगों के मानवाधिकार एवं कर्त्तव्य / Vruddh aur Viklangon ke Manavadhikar aur Kartavya | |
| 260 |
_bभाषा प्रकाशन / Bhasha Prakashan _c2020 |
||
| 856 | _uhttps://bhashaprakashan.com/product-details/378553 | ||
| 942 | _cEBOOK | ||
| 999 |
_c1535837 _d1535837 |
||